Collaborative Circles : Friendship Dynamics and Creative Work /

Obra en que se revisa la producción artística o intelectual de grupos de personas que, vinculadas por intereses comunes, profesionales o artísticos, se han reunido en un abierto intercambio de ideas, apoyos y crítica, y han dejado huella en la historia del arte o del pensamiento contemporáneo. Tal e...

Deskribapen osoa

Gorde:
Xehetasun bibliografikoak
Egile nagusia: Farrell, Michael P. (autor)
Formatua: Liburua
Hizkuntza:ingelesa
Argitaratua: Chicago, EUA : University of Chicago, 2001, c2001
Gaiak:
Etiketak: Etiketa erantsi
Etiketarik gabe, Izan zaitez lehena erregistro honi etiketa jartzen!

MARC

LEADER 00000nam^a2200000^a^4500
001 000182823
005 20250521000000.0
009 20260310102020.773
020 |a 0-226-23866-0 
037 |a Acervo ITESO - Biblioteca 
041 |a ING 
082 |a 305. 9  |b FAR 
100 |a Farrell, Michael P.  |e (autor) 
245 1 0 |a Collaborative Circles :  |b Friendship Dynamics and Creative Work /  |c M.P. Farrell. 
264 4 |a Chicago, EUA :  |b University of Chicago,  |c 2001, c2001 
300 |a X, 324 p. 
336 |a texto  |b txt  |2 rdacontenido 
337 |a sin mediación  |b n  |2 rdamedio 
338 |a volumen  |b nc  |2 rdasoporte 
520 |a Obra en que se revisa la producción artística o intelectual de grupos de personas que, vinculadas por intereses comunes, profesionales o artísticos, se han reunido en un abierto intercambio de ideas, apoyos y crítica, y han dejado huella en la historia del arte o del pensamiento contemporáneo. Tal es el caso de los impresionistas franceses, el Círculo de Viena, el Círculo de Ultras, entre otros casos que aquí se estudian. 
649 |a XX 
650 |a Pintores 
650 |a Escritores 
650 |a Músicos 
650 |a Artistas 
650 |a Psicoanalistas 
650 |a Feministas 
650 |a Feminismo -  |x Historia -  |y Siglo XIX 
650 |a Movimientos de Mujeres -  |x Historia -  |y Siglo XIX 
650 |a Impresionismo -  |x Historia y Crítica 
650 |a Arte Moderno -  |x Historia y Crítica 
650 |a Literatura -  |y Siglo XX 
650 |a Literatura -  |x Historia y Crítica 
650 |a Psicoanálisis -  |x Historia -  |y Siglo XX 
650 |a Creatividad 
650 |a Creación (Literaria, Artística, etc.) 
650 |a Amistad 
650 |a Grupos Sociales 
650 |a Corrientes y Estilos Artísticos 
650 |a Asociaciones Profesionales 
650 |a Freud, Sigmund 
650 |a Fleiss, Wilhelm 
650 |a Anthony, Susan B. 
650 |a Stanton, Elizabeth Cady 
600 |a Conrad, Joseph 
600 |a Ford, Ford Madox 
910 |a Fondo General 
920 |a Impresos - Libros 
930 |a Colección General 
905 |a 101 
901 |a 0500122692  |b IT1  |c ACC  |u 20250521 
902 |a https://opac.biblio.iteso.mx/vufind/Record/000182823